000 00717nam a2200181Ia 4500
008 090630s9999 xx 000 0 und d
082 _b12454
100 _aडॉ. सौ. दिक्षति लिला.
245 _aस्वामी अपरांताचा.
_cडॉ. सौ. दिक्षति लिला.
260 _bस्नेहल - पुणे 4.
_c1993
300 _a206
600 _aडॉ. सौ. दिक्षति लिला.
630 _aस्वामी अपरांताचा.
655 _aचरित्र.
700 _aडॉ. सौ. दिक्षति लिला.
730 _aस्वामी अपरांताचा.
942 _cBOOK
999 _c264310
_d264310